Quiz sur le droit institutionnel de l'Union européenne - Statistiques

Statistiques générales
  • Ce quiz a été pris 74 fois
    49 depuis la dernière actualisation
  • Le résultat moyen est 13 sur 61
Statistiques - réponses
Hint Réponse % Correct
Combien d'Etats membres y-a-t'il ? 27
92%
Durée de mandat de parlementaire européen ? 5 ans
73%
Les membres du parlement ne se regroupent pas par nationalité, mais par affinité ... politique
58%
Une compétence qui suppose une action seulement de l’UE et non des EM qui ont transféré leurs pouvoirs est une compétence ... exclusive
54%
Par principe, les Etats membres agissent, jusqu’à ce que l'UE décide d’agir dans un domaine précis. Ainsi, les Etats membres perdent le contrôle. Cela s'appelle une compétence ... partagée
54%
Qui est Président de la Commission en ce moment ? Ursula von der Leyen
54%
Ou siege le Conseil européen ? Bruxelles
50%
Qui sera sa présidente en 1979 ? Simone Veil
50%
En quelle année élit on le Parlement européen universellement et directement pour la premiere fois ? 1979
46%
Comment s'appelle l'actuelle présidente du Parlement ? Roberta Metsola
46%
Comment appelait-on le Parlement européen avant 1962 ? Assemblée / Assemblée européenne
42%
Quelle est la couleur primaire du drapeau de l'UE ? Bleu
42%
Combien de parlementaires y-a-t'il en ce moment ? (avec président) 721
38%
Combien de sièges sont conférés aux parlementaires français ? 81
38%
Il y a des actions des Etats membres qui seront coordonnées, soutenues, appuyées, par l’UE, souvent par moyens de finance, mais l'UE n'a pas de réel contrôle. Ce sont les compétences ... d'appui
35%
Quel est le parti qui compte le plus de sieges ? Parti Populaire Européen
35%
Combien de commissaires y'a t-il ? 27
31%
Le nombre maximum de parlementaires ? (avec president) 751
31%
Depuis quelle année la procédure de codécision (entre Parlement et Conseil) est-elle la procédure de droit commun pour tout texte législatif européen ? 2009
27%
Il statue en règle générale à la majorité ... qualifiée
27%
Sa présidence est ... tournante
27%
Combien de formations thématiques y'a t-il ? 10
23%
... et le comité ... des régions
23%
Il y a le comité ... économique et social
23%
Combien de membres le Conseil européen compte t-il en règle générale ? 31
19%
Sous quel article du traité de Lisbonne retrouve-t-on les objectifs de l'UE ? 3 TUE
19%
En principe, le Conseil européen se prononce par ... consensus
19%
Sous quel article du traité de Lisbonne voit-on que l'UE est fondée sur le principe de démocratie représentative ? 10 TUE
15%
Il prend part à la procédure d'adhésion d'un Etat ; quel article ? 49 TUE
15%
Comment peut on traduire "spitzenkandidat" en français ? Candidat en tête
15%
Il a un role éminemment ... politique
15%
Quel pays préside en ce moment ? Pologne
15%
C'est précisé à quel article ? 14 TUE
12%
Retrouvez l'article duquel ces mots sont tirés : "Le Conseil européen est composé des chefs d'État ou de gouvernement des États membres, ainsi que de son président et du président de la Commission." 15 TUE
12%
Sa mission est de rechercher, poursuivre et renvoyer devant les juridictions nationales les auteurs d’infraction qui portent atteinte aux intérêts ... de l'UE financiers
12%
Ils peuvent être consultés ; En vertu d’une disposition de traité ; Sur saisine : du P.E, du Conseil ou de la Commission ; De leur propre ... initiative
12%
S'il existe des commissions permanentes au sein du parlement, il existe aussi des commissions ... spéciales
12%
On trouver la mission de la CJUE ? 19 TUE
8%
Elle coordonne l'ensemble des activités du Parlement. Quel article du règlement intérieur nous dit cela ? 22 RI
8%
Il prend part à la procédure de révision des traités ; quel article ? 48 TUE
8%
Quel est l'article de la Constitution qui impose au Conseil consitutionnel d'évaluer la compatibilité d'un traité à la Constitution ? Article 54
8%
Le conseil élabore les "grandes ..." endossées par le Conseil européen orientations
8%
Le Conseil siège en plusieurs formations thématiques : quel article ? 16 TUE
4%
Le parlement peut censurer la Commission. Sous quel article du Traité de Lisbonne retrouve-t-on cette pratique ? 17 TUE
4%
A quel article du traité de Lisbonne retrouve-t-on ceci ? 225 TFUE
4%
Quel article du traité de Lisbonne confère le droit de vote aux élections municipales à tout citoyen européen résidant dans une pays membre ? 22 TFUE
4%
Il prend part aux procédures de sanction des Etats qui ne respectent pas les valeurs de l'UE ; quel article ? 7 TUE
4%
Les commissaires proposés par les gouvernements doivent répondre à une série de questions devant le Parlement. Ce sont les ... auditions préalables
4%
Leur responsabilité politique est ... collègiale
4%
Exceptionnellement, il se prononce par majorité qualifiée pour les nominations et questions d'ordre ... constitutionnel
4%
Le Conseil consitutionnel estima qu'il a fallu réviser la Constitution afin de ratifier le traité de Maastricht : Donnez la référence de la décision. (DC. XX-XXX) DC. 92-308
4%
La Cour des comptes fait un contrôle ... non-juridictionnel
4%
Il n'a pas de fonction législative mais adopte des ... positions
4%
La Commission a l'initiative des lois. Pourtant, les députés européens peuvent demander à la Commission de proposer un texte. On dit qu'ils ont un pouvoir de ... stimulation
4%
Sous quel article du traité de Lisbonne retrouve-t-on cette pratique ? AVEC PARAGRAPHE 15§4 TUE
0%
La Commission à le monopole d'initiative législative : quel article ? AVEC PARAPGRAPHE 17§2 TUE
0%
Par quelle directive le Parquet européen a-t-il été crée ? Donnez la référence (XXXX/XXXX) 2017/1939
0%
Il y a un pouvoir de surveillance générale de la Commission : quel article ? 258 TFUE
0%
L’exécution appartient à la fois à l’Union elle-même et aussi aux États membres : quel article ? 291 TFUE
0%
Les comités consultatifs : quel article ? 300 TFUE
0%
Combien de parlementaires faut-il pour la faire chuter ? 376
0%
Aucun quiz correspondant
Distribution des résultats
% des personnes avec chaque résultat
Percentile par nombre de réponses
Votre historique - résultats
Vous n’avez pas pris ce quiz depuis la dernière actualisation